000 00573cam a22002053a 4500
001 44467
003 PGUSA
005 20140828084021.0
008 131219s2013||||xxu|||||s|||||000 | eng d
040 _aPGUSA
_beng
042 _adc
100 1 _aGourmont, Remy de,
_d1858-1915
245 1 0 _aUn cœur virginal
_h[electronic resource] /
_cRemy de Gourmont
260 _bProject Gutenberg,
_c2013
506 _aPublic domain in the USA.
516 _aElectronic text
830 0 _aProject Gutenberg
_v44467
856 4 0 _uhttp://www.gutenberg.org/ebooks/44467
942 _cEB
999 _c273718
_d273718